000 00806nam a2200241 a 4500
001 56885
003 BD-RjUL
005 20211209080439.0
008 161204s1983 enk b 001 0 eng
020 _a0710097662
035 _a(BD-RjUL)57009
040 _aDLC
_cDLC
_dBD-RjUL
_beng
041 _aeng
082 0 0 _a297.283
_223
_bWAI 1983
100 1 _aWatt, W. Montgomery
_q(William Montgomery)
_9138696
245 1 0 _aIslam and Christianity today :
_ba contribution to dialogue /
_cW. Montgomery Watt ; foreword by Ahmed Zaki Yamani.
260 _aLondon :
_bRoutledge & K. Paul,
_c1983.
300 _axiv, 157 p. ;
_c23 cm.
504 _aIncludes bibliographical references and index.
650 0 _aIslam
_xRelations
_xChristianity.
_9168894
700 _a Yamani, Ahmed Zaki
_9169111
942 _2ddc
_cBK
999 _c56885
_d56885